[Event "32. Copenhagen Open (Politiken Cup)"]
[Site "Elsinore"]
[Date "2010.08.07"]
[Round "9"]
[White "Justinussen, Sigurd B"]
[Black "Hvenekilde, Jorgen"]
[Result "0-1"]
[WhiteElo "1941"]
[BlackElo "2111"]
[PlyCount "68"]
[EventDate "2010.07.31"]
[EventType "swiss"]
[EventRounds "10"]
[EventCountry "DEN"]
[Source "ChessBase"]
[SourceDate "2010.09.01"]

1. d4 Nf6 2. Nf3 g6 3. Bf4 Bg7 4. c3 b6 5. Nbd2 Bb7 6. Qc2 c5 7. e4 cxd4 8.
cxd4 O-O 9. Be2 d5 10. e5 Ne4 11. O-O Qd7 12. Rac1 Rc8 13. Qb3 Nc6 14. Bb5 Qf5
15. Bg3 Nxd2 16. Nxd2 Nxd4 17. Qa4 Nxb5 18. Qxb5 Rxc1 19. Rxc1 Rc8 20. Rxc8+
Qxc8 21. Nb3 Qc6 22. Qb4 e6 23. h3 Bf8 24. Qh4 d4 25. f3 d3 26. Qd8 Qd5 27. Qb8
d2 28. Nxd2 Qxd2 29. Qxb7 Bc5+ 30. Kh2 Qd1 31. Bh4 Bg1+ 32. Kg3 Qe1+ 33. Kg4
h5+ 34. Kg5 Qxe5+ 0-1

[Event "32. Copenhagen Open (Politiken Cup)"]
[Site "Elsinore"]
[Date "2010.08.07"]
[Round "9"]
[White "Krasenkova, Ilena"]
[Black "Nielsen, Lars Aaes"]
[Result "0-1"]
[WhiteElo "2128"]
[BlackElo "2279"]
[PlyCount "69"]
[EventDate "2010.07.31"]
[EventType "swiss"]
[EventRounds "10"]
[EventCountry "DEN"]
[Source "ChessBase"]
[SourceDate "2010.09.01"]

1. d4 e6 2. g3 Nf6 3. Bg2 d5 4. c4 c6 5. Qc2 Bb4+ 6. Nd2 Nbd7 7. a3 Bxd2+ 8.
Bxd2 dxc4 9. Qxc4 e5 10. dxe5 Nxe5 11. Qc3 Qe7 12. Bf4 Ng6 13. Bg5 Ne4 14. Bxe7
Nxc3 15. Bc5 Na4 16. Bd4 O-O 17. O-O-O Be6 18. f4 Rad8 19. Nf3 Bb3 20. Rd2 Ne7
21. e4 c5 22. Be5 Nc6 23. Bd6 Na5 24. Bc7 Rxd2 25. Nxd2 b6 26. e5 Rc8 27. Bd6
Be6 28. Be7 c4 29. Bb4 c3 30. bxc3 Nxc3 31. Bxc3 Rxc3+ 32. Kb2 Re3 33. f5 Bc4
34. g4 h6 35. f6 0-1

[Event "32. Copenhagen Open (Politiken Cup)"]
[Site "Elsinore"]
[Date "2010.08.07"]
[Round "9"]
[White "Kristinsson, Bjarni Jens"]
[Black "Tallaksen, Levi Andre"]
[Result "1/2-1/2"]
[WhiteElo "2044"]
[BlackElo "2177"]
[PlyCount "91"]
[EventDate "2010.07.31"]
[EventType "swiss"]
[EventRounds "10"]
[EventCountry "DEN"]
[Source "ChessBase"]
[SourceDate "2010.09.01"]

1. e4 e5 2. Nf3 Nc6 3. d4 exd4 4. Nxd4 Bc5 5. Be3 Qf6 6. c3 Nge7 7. Bc4 O-O 8.
O-O Ng6 9. Kh1 Bb6 10. Na3 d6 11. f3 Bd7 12. Qd2 h6 13. g4 Qe7 14. Nac2 Rfe8
15. Rg1 Kh7 16. Rg3 Rh8 17. Rag1 Nge5 18. Be2 f6 19. f4 Nf7 20. Bd3 Kg8 21. g5
hxg5 22. fxg5 Nce5 23. gxf6 Qxf6 24. Rf1 Qh4 25. Qg2 Rh7 26. Nf3 Nxf3 27. Rfxf3
Ne5 28. Rf4 Qe7 29. Be2 Rf8 30. Nd4 Rxf4 31. Bxf4 Qf7 32. Bxe5 dxe5 33. Nf3
Qxa2 34. Nxe5 Qb1+ 35. Bf1 Be6 36. Rf3 Rh5 37. Ng6 Bc5 38. b4 Bd6 39. e5 Rxe5
40. Nxe5 Bxe5 41. Qg5 Qd1 42. Kg2 Bd5 43. Qd8+ Kh7 44. Bd3+ Qxd3 45. Qh4+ Kg8
46. Qd8+ 1/2-1/2

[Event "32. Copenhagen Open (Politiken Cup)"]
[Site "Elsinore"]
[Date "2010.08.07"]
[Round "9"]
[White "Kyrkjebo, Erlend"]
[Black "Larsen, Mikael"]
[Result "1/2-1/2"]
[WhiteElo "1922"]
[BlackElo "2088"]
[PlyCount "58"]
[EventDate "2010.07.31"]
[EventType "swiss"]
[EventRounds "10"]
[EventCountry "DEN"]
[Source "ChessBase"]
[SourceDate "2010.09.01"]

1. e4 c5 2. Nc3 e6 3. g3 Nc6 4. Bg2 g6 5. d3 Bg7 6. f4 Nge7 7. Nf3 d6 8. O-O
O-O 9. g4 f5 10. exf5 exf5 11. g5 d5 12. h4 Be6 13. Re1 Qd7 14. Qe2 Kf7 15.
Ne5+ Nxe5 16. fxe5 d4 17. Nd1 Rfe8 18. c4 Nc6 19. Bf4 Re7 20. Bf3 Rae8 21. h5
Kg8 22. h6 Bh8 23. Bxc6 Qxc6 24. Qh2 b5 25. b3 Bc8 26. Nb2 b4 27. Re2 Bb7 28.
Rae1 Qf3 29. Qg3 Qxg3+ 1/2-1/2

[Event "32. Copenhagen Open (Politiken Cup)"]
[Site "Elsinore"]
[Date "2010.08.07"]
[Round "9"]
[White "Larsen, Bror Johannes"]
[Black "Nielsen, Palle"]
[Result "1-0"]
[WhiteElo "1750"]
[BlackElo "1851"]
[PlyCount "113"]
[EventDate "2010.07.31"]
[EventType "swiss"]
[EventRounds "10"]
[EventCountry "DEN"]
[Source "ChessBase"]
[SourceDate "2010.09.01"]

1. e4 e5 2. Nf3 d6 3. d4 Nd7 4. Nc3 c6 5. Bc4 h6 6. O-O Ngf6 7. dxe5 dxe5 8. a3
Qc7 9. Be3 Be7 10. Qd2 Ng4 11. Rfe1 O-O 12. Qe2 Nxe3 13. Qxe3 Bc5 14. Qe2 b5
15. Ba2 a5 16. Nd1 Nf6 17. c3 Bg4 18. h3 Bh5 19. b4 Bb6 20. Nb2 Bg6 21. Nd2 Nh5
22. Kh1 Nf4 23. Qf3 Qe7 24. Nd3 Nxd3 25. Qxd3 Rfd8 26. Qe2 Rd6 27. f3 Rad8 28.
Nf1 axb4 29. axb4 Qh4 30. Kh2 Kh7 31. Rac1 Qf4+ 32. g3 Qf6 33. Rc2 Rd3 34. Kg2
Bh5 35. g4 Bg6 36. c4 h5 37. c5 Bc7 38. Bd5 Rd4 39. Bxc6 Qxc6 40. Rb2 R8d7 41.
Qf2 Bd8 42. Ne3 h4 43. Nd5 Bg5 44. Ra1 f6 45. Rba2 Bf7 46. Ra6 Qxa6 47. Rxa6
Rd2 48. c6 R7xd5 49. exd5 Bxd5 50. c7 Bb7 51. Ra8 Be3 52. Qxd2 Bxd2 53. Rb8 Ba6
54. Rxb5 Kg6 55. Rb8 Bf4 56. b5 Bxb5 57. c8=Q 1-0

[Event "32. Copenhagen Open (Politiken Cup)"]
[Site "Elsinore"]
[Date "2010.08.07"]
[Round "9"]
[White "Larsen, Karsten"]
[Black "Hansen, Sune Berg"]
[Result "0-1"]
[WhiteElo "2293"]
[BlackElo "2595"]
[PlyCount "78"]
[EventDate "2010.07.31"]
[EventType "swiss"]
[EventRounds "10"]
[EventCountry "DEN"]
[Source "ChessBase"]
[SourceDate "2010.09.01"]

1. Nf3 Nf6 2. b3 g6 3. Bb2 Bg7 4. g3 b6 5. Bg2 Bb7 6. O-O O-O 7. c4 e6 8. d4
Na6 9. Nbd2 c5 10. e3 Rc8 11. Qe2 d5 12. Rfd1 Qe7 13. Rac1 Rfd8 14. Ne5 dxc4
15. Bxb7 Qxb7 16. Rxc4 b5 17. Rcc1 cxd4 18. Bxd4 Nb4 19. a3 Nbd5 20. Qd3 a6 21.
Qb1 Ne8 22. Qa1 f6 23. Nef3 e5 24. Bb2 Bh6 25. Rxc8 Rxc8 26. e4 Ne7 27. Rc1 Rd8
28. Rc2 g5 29. h3 Qd7 30. Kg2 g4 31. hxg4 Qxg4 32. Qh1 Bxd2 33. Rxd2 Rxd2 34.
Nxd2 Ng6 35. Qf1 Nd6 36. f3 Qg5 37. Qe1 Nf4+ 38. Kh2 Qh6+ 39. Kg1 Nd3 0-1

[Event "32. Copenhagen Open (Politiken Cup)"]
[Site "Elsinore"]
[Date "2010.08.07"]
[Round "9"]
[White "Larsen, Tor Ketil"]
[Black "Satre, Roger"]
[Result "0-1"]
[WhiteElo "2022"]
[BlackElo "1801"]
[PlyCount "59"]
[EventDate "2010.07.31"]
[EventType "swiss"]
[EventRounds "10"]
[EventCountry "DEN"]
[Source "ChessBase"]
[SourceDate "2010.09.01"]

1. e4 e6 2. d4 d5 3. Nd2 c5 4. Ngf3 cxd4 5. exd5 Qxd5 6. Bc4 Qd6 7. O-O Nc6 8.
Nb3 Nf6 9. Nfxd4 Nxd4 10. Nxd4 a6 11. a4 Be7 12. b3 O-O 13. Bb2 Nd7 14. Ba3 Nc5
15. c3 Qc7 16. Qh5 Ne4 17. Bxe7 Qxe7 18. Rfe1 Nf6 19. Qg5 h6 20. Qg3 Nh5 21.
Qf3 Qg5 22. Re4 Nf6 23. Re2 e5 24. h4 Qxh4 25. Rxe5 Ng4 26. Bxf7+ Kh8 27. Qf4
g5 28. Qf3 Qh2+ 29. Kf1 Qxe5 30. Qh3 0-1

[Event "32. Copenhagen Open (Politiken Cup)"]
[Site "Elsinore"]
[Date "2010.08.07"]
[Round "9"]
[White "Macieja, Bartlomiej"]
[Black "Bulski, Krzysztof"]
[Result "1-0"]
[WhiteElo "2639"]
[BlackElo "2434"]
[PlyCount "101"]
[EventDate "2010.07.31"]
[EventType "swiss"]
[EventRounds "10"]
[EventCountry "DEN"]
[Source "ChessBase"]
[SourceDate "2010.09.01"]

1. e4 c5 2. Nf3 d6 3. d4 cxd4 4. Qxd4 Nc6 5. Bb5 Bd7 6. Bxc6 Bxc6 7. Nc3 Nf6 8.
Bg5 e6 9. O-O-O Be7 10. Rhe1 Qa5 11. Kb1 O-O 12. Qd2 Qa6 13. Nd4 b5 14. Bxf6
Bxf6 15. Nxc6 Qxc6 16. Qxd6 Qxd6 17. Rxd6 Bxc3 18. bxc3 Rfc8 19. Kb2 g5 20. Rd7
Rc4 21. Re3 Kg7 22. Rg3 h6 23. h4 Kg6 24. hxg5 hxg5 25. Rf3 f6 26. Re3 g4 27.
e5 Rf4 28. exf6 Kxf6 29. f3 a5 30. Rd4 Rxd4 31. cxd4 gxf3 32. gxf3 Rd8 33. c3
b4 34. Re5 Ke7 35. Rxa5 bxc3+ 36. Kxc3 Rf8 37. Rc5 Rxf3+ 38. Kb4 Rf1 39. a4 Kd6
40. a5 Rb1+ 41. Kc4 Ra1 42. Kb5 Rb1+ 43. Ka6 Rb4 44. Rb5 Rxd4 45. Kb7 Ke7 46.
a6 Rd7+ 47. Kb6 Rd6+ 48. Ka5 Rd1 49. a7 Kf6 50. Kb6 Rd8 51. Ra5 1-0

[Event "32. Copenhagen Open (Politiken Cup)"]
[Site "Elsinore"]
[Date "2010.08.07"]
[Round "9"]
[White "Maechel, Michael"]
[Black "Nielsen, Peter"]
[Result "1-0"]
[WhiteElo "1748"]
[BlackElo "1851"]
[PlyCount "89"]
[EventDate "2010.07.31"]
[EventType "swiss"]
[EventRounds "10"]
[EventCountry "DEN"]
[Source "ChessBase"]
[SourceDate "2010.09.01"]

1. e4 c5 2. Nf3 g6 3. d4 cxd4 4. Nxd4 Bg7 5. Be3 Nf6 6. f3 O-O 7. Nc3 Nc6 8.
Bc4 d6 9. Qd2 Qa5 10. O-O-O Qb4 11. Bb3 Na5 12. Bh6 Nxb3+ 13. axb3 Bd7 14. Bxg7
Kxg7 15. g4 h6 16. h4 Rh8 17. Qe3 a5 18. g5 Nh5 19. gxh6+ Rxh6 20. Nd5 Qc5 21.
Rhg1 e6 22. Nb6 Rd8 23. Nxd7 Rxd7 24. Nxe6+ fxe6 25. Qxc5 dxc5 26. Rxd7+ Kf6
27. Rxb7 Nf4 28. Rg4 e5 29. Rb6+ Kf7 30. Kd2 Rh8 31. Kc3 Rd8 32. Kc4 Rd2 33.
Kxc5 Ne6+ 34. Rxe6 Kxe6 35. Rxg6+ Ke7 36. h5 Rxc2+ 37. Kd5 Rxb2 38. Kxe5 Rxb3
39. Kf4 Rb1 40. Ra6 a4 41. Rxa4 Rb5 42. e5 Rb1 43. Kg5 Rg1+ 44. Rg4 Rh1 45. f4
1-0

[Event "32. Copenhagen Open (Politiken Cup)"]
[Site "Elsinore"]
[Date "2010.08.07"]
[Round "9"]
[White "Mollmann, Erik"]
[Black "Taylor, Graham Christopher"]
[Result "1/2-1/2"]
[WhiteElo "1698"]
[BlackElo "2160"]
[PlyCount "24"]
[EventDate "2010.07.31"]
[EventType "swiss"]
[EventRounds "10"]
[EventCountry "DEN"]
[Source "ChessBase"]
[SourceDate "2010.09.01"]

1. d4 Nf6 2. Nf3 g6 3. c4 Bg7 4. Nc3 d6 5. h3 O-O 6. Bf4 Nbd7 7. e3 c6 8. Be2
a6 9. O-O b5 10. b3 Re8 11. Rc1 Bb7 12. Rc2 e5 1/2-1/2

[Event "32. Copenhagen Open (Politiken Cup)"]
[Site "Elsinore"]
[Date "2010.08.07"]
[Round "9"]
[White "Molvig, Henrik"]
[Black "Rydstrom, Tom"]
[Result "1/2-1/2"]
[WhiteElo "2179"]
[BlackElo "1803"]
[PlyCount "45"]
[EventDate "2010.07.31"]
[EventType "swiss"]
[EventRounds "10"]
[EventCountry "DEN"]
[Source "ChessBase"]
[SourceDate "2010.09.01"]

1. d4 d5 2. c4 e6 3. Nc3 Nf6 4. Bg5 Be7 5. e3 O-O 6. Nf3 Nbd7 7. Rc1 c6 8. Bd3
h6 9. Bh4 dxc4 10. Bxc4 b5 11. Bd3 Bb7 12. O-O a6 13. Qe2 c5 14. Rfd1 Qb6 15.
Ne5 Rfe8 16. Nxd7 Nxd7 17. Bxe7 Rxe7 18. Be4 Rc8 19. Qf3 Nf6 20. Bxb7 Qxb7 21.
Qxb7 Rxb7 22. dxc5 Rxc5 23. Ne2 1/2-1/2

[Event "32. Copenhagen Open (Politiken Cup)"]
[Site "Elsinore"]
[Date "2010.08.07"]
[Round "9"]
[White "Molvig, Julius"]
[Black "Gade, Jens"]
[Result "1-0"]
[WhiteElo "1806"]
[BlackElo "1551"]
[PlyCount "99"]
[EventDate "2010.07.31"]
[EventType "swiss"]
[EventRounds "10"]
[EventCountry "DEN"]
[Source "ChessBase"]
[SourceDate "2010.09.01"]

1. d4 d5 2. c4 c6 3. Nf3 Nf6 4. Nc3 g6 5. Bf4 Bg7 6. e3 O-O 7. h3 Nbd7 8. Bd3
b6 9. O-O Bb7 10. Rc1 Rc8 11. b3 Re8 12. e4 dxe4 13. Nxe4 Nxe4 14. Bxe4 Nf6 15.
Bb1 b5 16. Re1 a6 17. Ne5 Nd7 18. Bh2 Nxe5 19. dxe5 e6 20. Qf3 Qe7 21. c5 Rcd8
22. Be4 Rc8 23. b4 f6 24. exf6 Qxf6 25. Qxf6 Bxf6 26. Bf3 e5 27. Rcd1 Rcd8 28.
Rxd8 Rxd8 29. Bxe5 Bxe5 30. Rxe5 Kf7 31. Re2 h6 32. Kh2 g5 33. Kg3 Rd4 34. a3
Rd3 35. Re3 Rd4 36. Bh5+ Kf6 37. Rf3+ Ke5 38. Rf7 Rd3+ 39. Rf3 Rxf3+ 40. Bxf3
Kd4 41. Kg4 a5 42. Kh5 axb4 43. axb4 Kc4 44. Kxh6 Kxb4 45. Kxg5 Kxc5 46. h4 b4
47. h5 b3 48. h6 b2 49. Be4 Kd4 50. Bb1 1-0

[Event "32. Copenhagen Open (Politiken Cup)"]
[Site "Elsinore"]
[Date "2010.08.07"]
[Round "9"]
[White "Nielsen, Jan Mose"]
[Black "Christensen, Anders"]
[Result "1/2-1/2"]
[WhiteElo "2120"]
[BlackElo "1971"]
[PlyCount "101"]
[EventDate "2010.07.31"]
[EventType "swiss"]
[EventRounds "10"]
[EventCountry "DEN"]
[Source "ChessBase"]
[SourceDate "2010.09.01"]

1. e4 c5 2. Nf3 e6 3. d4 cxd4 4. Nxd4 Nf6 5. Nc3 d6 6. Be3 a6 7. Be2 Be7 8. Qd2
Bd7 9. g4 Nc6 10. Nb3 b5 11. a3 Qc7 12. f4 Bc8 13. Bf3 Bb7 14. h4 Nd7 15. Qf2
Rc8 16. g5 Nc5 17. Nxc5 dxc5 18. Ne2 Qa5+ 19. c3 b4 20. O-O bxc3 21. Nxc3 Nd4
22. Bg2 O-O 23. Kh1 Nb3 24. Rad1 Rcd8 25. Qc2 c4 26. Ne2 Qb5 27. Nd4 Nxd4 28.
Bxd4 Rd7 29. Bc3 Rfd8 30. Rxd7 Rxd7 31. a4 Qb6 32. Rd1 Rxd1+ 33. Qxd1 Bc6 34.
a5 Qf2 35. Qd4 Qxd4 36. Bxd4 Bb4 37. Bc3 Bxc3 38. bxc3 Kf8 39. Kg1 Ke7 40. Kf2
e5 41. Bf1 Bb5 42. Ke3 Kd6 43. f5 Kc5 44. h5 f6 45. h6 gxh6 46. gxh6 Be8 47.
Be2 Bf7 48. Kd2 Kb5 49. Kc2 Kxa5 50. Kb2 Kb5 51. Ka3 1/2-1/2

[Event "32. Copenhagen Open (Politiken Cup)"]
[Site "Elsinore"]
[Date "2010.08.07"]
[Round "9"]
[White "Nielsen, Klaus"]
[Black "Moller, Arne"]
[Result "1/2-1/2"]
[WhiteElo "2095"]
[BlackElo "1907"]
[PlyCount "35"]
[EventDate "2010.07.31"]
[EventType "swiss"]
[EventRounds "10"]
[EventCountry "DEN"]
[Source "ChessBase"]
[SourceDate "2010.09.01"]

1. d4 Nf6 2. Nf3 e6 3. Bg5 Be7 4. Nbd2 Nd5 5. Bxe7 Nxe7 6. e4 d6 7. Bd3 Ng6 8.
g3 e5 9. c3 Bh3 10. Qb3 Nd7 11. O-O-O O-O 12. Kb1 a5 13. Bf1 Be6 14. d5 Nc5 15.
Qc2 Bd7 16. h4 f5 17. h5 Ne7 18. Nh4 1/2-1/2

[Event "32. Copenhagen Open (Politiken Cup)"]
[Site "Elsinore"]
[Date "2010.08.07"]
[Round "9"]
[White "Nielsen, Morten"]
[Black "Percivaldi, Martin"]
[Result "1-0"]
[WhiteElo "1949"]
[BlackElo "1767"]
[PlyCount "65"]
[EventDate "2010.07.31"]
[EventType "swiss"]
[EventRounds "10"]
[EventCountry "DEN"]
[Source "ChessBase"]
[SourceDate "2010.09.01"]

1. e4 Nf6 2. Bc4 Nxe4 3. Bxf7+ Kxf7 4. Qh5+ g6 5. Qd5+ e6 6. Qxe4 Bg7 7. Qf4+
Bf6 8. Nf3 Rf8 9. d4 Kg8 10. Qg3 Nc6 11. c3 Ne7 12. h4 Nf5 13. Qg4 Qe8 14. h5
e5 15. dxe5 Bxe5 16. Qc4+ Kg7 17. O-O Bd6 18. h6+ Kh8 19. g4 b5 20. Qd3 Bb7 21.
gxf5 Bxf3 22. Qxf3 Qe5 23. Qg2 Rae8 24. Be3 c5 25. Re1 Qxf5 26. Na3 Re4 27. Kf1
Rg4 28. Qh1 Bg3 29. Re2 Qd3 30. Rae1 Rg5 31. Bxg5 Rxf2+ 32. Kg1 Rxe2 33. Qa8+
1-0

[Event "32. Copenhagen Open (Politiken Cup)"]
[Site "Elsinore"]
[Date "2010.08.07"]
[Round "9"]
[White "Nielsen, Rogvi Egilstoft"]
[Black "Andersen, Harry"]
[Result "1-0"]
[WhiteElo "2062"]
[BlackElo "1871"]
[PlyCount "93"]
[EventDate "2010.07.31"]
[EventType "swiss"]
[EventRounds "10"]
[EventCountry "DEN"]
[Source "ChessBase"]
[SourceDate "2010.09.01"]

1. e4 e5 2. Nf3 Nc6 3. Bb5 a6 4. Ba4 Nf6 5. O-O Nxe4 6. Re1 Nc5 7. Bxc6 dxc6 8.
Nxe5 Be7 9. d4 Ne6 10. c3 O-O 11. Qb3 Bg5 12. Nd2 Qd5 13. Qxd5 cxd5 14. Ndf3
Bxc1 15. Raxc1 Nf4 16. g3 f6 17. gxf4 fxe5 18. Nxe5 Rxf4 19. f3 Bh3 20. Kf2
Raf8 21. Rg1 Bc8 22. Rg2 g6 23. Rh1 R8f5 24. h4 Rh5 25. Kg3 Rf6 26. Rhh2 Kf8
27. f4 Bf5 28. Re2 Kg7 29. Nf3 h6 30. Re7+ Rf7 31. Rhe2 Be4 32. Rxf7+ Kxf7 33.
Nd2 Bd3 34. Re3 Bc2 35. Re5 Rf5 36. Nf1 Bb1 37. a3 c6 38. Ne3 Rxe5 39. fxe5 Bd3
40. Ng4 Kg7 41. Kf4 Bf5 42. Ne3 Bd3 43. e6 Kf6 44. Ng4+ Kxe6 45. Nxh6 Kf6 46.
Ng4+ Kf7 47. Ne5+ 1-0

[Event "32. Copenhagen Open (Politiken Cup)"]
[Site "Elsinore"]
[Date "2010.08.07"]
[Round "9"]
[White "Ochsner, Bjorn Moller"]
[Black "Gislason, Gudmundur"]
[Result "1-0"]
[WhiteElo "2165"]
[BlackElo "2351"]
[PlyCount "73"]
[EventDate "2010.07.31"]
[EventType "swiss"]
[EventRounds "10"]
[EventCountry "DEN"]
[Source "ChessBase"]
[SourceDate "2010.09.01"]

1. e4 c5 2. Nf3 e6 3. d4 cxd4 4. Nxd4 Nf6 5. Bd3 Nc6 6. Nxc6 bxc6 7. O-O d5 8.
Nc3 Be7 9. Re1 Qc7 10. e5 Nd7 11. Qg4 g6 12. Bf4 Rb8 13. b3 g5 14. Be3 Nxe5 15.
Qh5 Nxd3 16. cxd3 Bf6 17. Rac1 Qe7 18. Na4 d4 19. Bd2 Bd7 20. Nc5 h6 21. a3 Rb5
22. Bb4 g4 23. Qxg4 a5 24. Nxd7 Qxd7 25. Bd2 Rxb3 26. Qf3 Bg5 27. Bxg5 hxg5 28.
Rxc6 O-O 29. Rc5 Rb5 30. Rxb5 Qxb5 31. h4 Rc8 32. Re4 Qb7 33. Qf6 Qb1+ 34. Kh2
Qb8+ 35. g3 Kf8 36. hxg5 Qb6 37. Rh4 1-0

[Event "32. Copenhagen Open (Politiken Cup)"]
[Site "Elsinore"]
[Date "2010.08.07"]
[Round "9"]
[White "Olofsson Dolk, Mattis"]
[Black "Nilsson, Anders1"]
[Result "0-1"]
[WhiteElo "1949"]
[BlackElo "2160"]
[PlyCount "168"]
[EventDate "2010.07.31"]
[EventType "swiss"]
[EventRounds "10"]
[EventCountry "DEN"]
[Source "ChessBase"]
[SourceDate "2010.09.01"]

1. e4 e6 2. d4 d5 3. Nc3 Bb4 4. e5 Qd7 5. a3 Bxc3+ 6. bxc3 b6 7. Qg4 f5 8. Qg3
Ba6 9. Bxa6 Nxa6 10. Nh3 O-O-O 11. a4 Nb8 12. a5 h6 13. f4 Nc6 14. axb6 axb6
15. Qd3 Nb8 16. Ba3 Ne7 17. O-O Nec6 18. Bb4 Nxb4 19. cxb4 Qc6 20. b5 Qc4 21.
Nf2 Qxd3 22. Nxd3 c6 23. Rfb1 cxb5 24. Rxb5 Nd7 25. Ra3 Kb7 26. Rab3 Ka6 27.
R5b4 Rc8 28. Nc5+ Nxc5 29. dxc5 Rxc5 30. Rxb6+ Ka5 31. Rxe6 Rxc2 32. Re7 Ka6
33. Rxg7 Re2 34. Kf1 Rd2 35. Rg6+ Ka5 36. Rb1 Ra2 37. Rbb6 Rd2 38. Rxh6 Rc8 39.
Rhc6 Rh8 40. Rb1 Rxh2 41. Rc5+ Ka4 42. Kg1 Rdxg2+ 43. Kf1 Rd2 44. Kg1 Rdg2+ 45.
Kf1 Rg4 46. Rcb5 Rxf4+ 47. Kg1 Rh5 48. R5b2 Rg5+ 49. Rg2 Rxg2+ 50. Kxg2 Re4 51.
Kf3 d4 52. e6 Rxe6 53. Rd1 Rd6 54. Ke2 Kb5 55. Kd3 Kc5 56. Ra1 Kd5 57. Rf1 Ke5
58. Re1+ Kf4 59. Rf1+ Ke5 60. Rg1 Kf6 61. Rf1 Rd5 62. Rg1 Rd7 63. Rg2 Ke5 64.
Rg1 Ra7 65. Rf1 Ra3+ 66. Kd2 Ke4 67. Re1+ Re3 68. Rf1 f4 69. Rh1 Ra3 70. Re1+
Kf3 71. Rf1+ Kg3 72. Rg1+ Kf2 73. Rg4 Rf3 74. Rh4 Kg3 75. Rh8 Rf1 76. Ke2 Rf2+
77. Kd3 Kf3 78. Re8 Rf1 79. Kxd4 Rd1+ 80. Kc3 Kf2 81. Rf8 f3 82. Kc2 Rd5 83.
Kc3 Kg2 84. Rg8+ Kf1 0-1

[Event "32. Copenhagen Open (Politiken Cup)"]
[Site "Elsinore"]
[Date "2010.08.07"]
[Round "9"]
[White "Ostergaard, Rasmus"]
[Black "Torner Planell, Jordi"]
[Result "1-0"]
[WhiteElo "2145"]
[BlackElo "1978"]
[PlyCount "79"]
[EventDate "2010.07.31"]
[EventType "swiss"]
[EventRounds "10"]
[EventCountry "DEN"]
[Source "ChessBase"]
[SourceDate "2010.09.01"]

1. d4 d5 2. c4 c6 3. Nf3 Nf6 4. e3 e6 5. b3 Nbd7 6. Bb2 Bd6 7. Bd3 Qe7 8. Ne5
Bb4+ 9. Nd2 Ne4 10. Bxe4 dxe4 11. O-O Bxd2 12. Qxd2 f5 13. Rfd1 Nxe5 14. dxe5
O-O 15. Qd6 Qf7 16. Ba3 Re8 17. Rd4 h6 18. Rad1 Kh7 19. b4 a6 20. h3 Re7 21.
Qc5 Rc7 22. Rd8 Qe7 23. Qxe7 Rxe7 24. b5 Rf7 25. b6 f4 26. Re8 fxe3 27. fxe3 a5
28. c5 a4 29. Rdd8 Ra5 30. Rxc8 Rb5 31. Rc7 Rb1+ 32. Kh2 Rf2 33. Ree7 Kg6 34.
Rxg7+ Kh5 35. Rcf7 Rxa2 36. Rf6 Re1 37. Rgg6 Ree2 38. Rxh6+ Kg5 39. h4+ Kg4 40.
Rf4# 1-0

[Event "32. Copenhagen Open (Politiken Cup)"]
[Site "Elsinore"]
[Date "2010.08.07"]
[Round "9"]
[White "Pedersen, Hans Buus"]
[Black "Petersen, Tom Petri"]
[Result "1/2-1/2"]
[WhiteElo "2144"]
[BlackElo "2307"]
[PlyCount "156"]
[EventDate "2010.07.31"]
[EventType "swiss"]
[EventRounds "10"]
[EventCountry "DEN"]
[Source "ChessBase"]
[SourceDate "2010.09.01"]

1. d4 Nf6 2. Nf3 g6 3. Bf4 Bg7 4. e3 O-O 5. Be2 d6 6. h3 Nbd7 7. O-O Ne4 8.
Nbd2 Nxd2 9. Qxd2 e5 10. Bg5 f6 11. Bc4+ Kh8 12. Bh4 e4 13. Nh2 g5 14. Bg3 f5
15. f4 h6 16. a4 Nf6 17. a5 a6 18. b4 Bd7 19. Rab1 Qe8 20. fxg5 hxg5 21. Be2
Qg6 22. b5 g4 23. hxg4 Nh5 24. bxa6 bxa6 25. Bxd6 Qxd6 26. gxh5 Bh6 27. Rf4 Rg8
28. Nf1 Rae8 29. Bc4 Rg7 30. Qf2 Qc6 31. Bb3 Bxf4 32. d5 Qd6 33. Qxf4 Reg8 34.
g3 Qxf4 35. exf4 Rb8 36. Ra1 Rh7 37. Bc4 Bb5 38. Bxb5 Rxb5 39. Ne3 Rxh5 40. Ra3
Rb1+ 41. Kg2 Re1 42. Kf2 Rc1 43. Kg2 Re1 44. Kf2 Reh1 45. Nf1 Rh7 46. Rb3 Kg8
47. Rb7 Kf8 48. Ra7 R1h6 49. c4 Ke8 50. Ke3 Rh1 51. Kf2 R1h6 52. Ke3 Kd8 53.
Ra8+ Kd7 54. c5 Rh8 55. Ra7 Rh1 56. Kf2 Rb8 57. Kg2 Rh7 58. Ne3 Rb2+ 59. Kg1
Rb5 60. Nxf5 Rxc5 61. d6 Ke6 62. g4 Rd7 63. Rxa6 cxd6 64. Kf2 Rc3 65. Ra8 Rb7
66. Re8+ Kd5 67. Rxe4 Rb2+ 68. Re2 Rxe2+ 69. Kxe2 Ra3 70. Ne7+ Ke4 71. f5 d5
72. f6 d4 73. g5 d3+ 74. Kd2 Ra2+ 75. Kd1 Ra1+ 76. Kd2 Ra2+ 77. Kd1 Ra1+ 78.
Kd2 Ra2+ 1/2-1/2

[Event "32. Copenhagen Open (Politiken Cup)"]
[Site "Elsinore"]
[Date "2010.08.07"]
[Round "9"]
[White "Pedersen, Jan Kaas"]
[Black "Christiansen, Johan Sebastian"]
[Result "1/2-1/2"]
[WhiteElo "2061"]
[BlackElo "1921"]
[PlyCount "72"]
[EventDate "2010.07.31"]
[EventType "swiss"]
[EventRounds "10"]
[EventCountry "DEN"]
[Source "ChessBase"]
[SourceDate "2010.09.01"]

1. d4 Nf6 2. Nf3 e6 3. Bg5 h6 4. Bh4 c5 5. c3 cxd4 6. Nxd4 e5 7. Nf3 Nc6 8. e3
Be7 9. Nbd2 d5 10. Qc2 Be6 11. Bb5 Qc7 12. Bg3 Bd6 13. e4 O-O 14. exd5 Bxd5 15.
Bc4 Ne7 16. Bxd5 Nexd5 17. O-O Nh5 18. Rad1 Ndf4 19. Rfe1 f6 20. Nh4 Qf7 21.
Ne4 Bc7 22. Bxf4 Nxf4 23. Nc5 Qh5 24. g3 Bb6 25. b4 Nh3+ 26. Kf1 Ng5 27. Qf5
Bxc5 28. bxc5 Qf7 29. Rd7 Qxa2 30. Red1 Qc4+ 31. Kg1 Qe4 32. Rb1 Rab8 33. Qxe4
Nxe4 34. Rbxb7 Rxb7 35. Rxb7 Nxc5 36. Rxa7 Ne6 1/2-1/2

[Event "32. Copenhagen Open (Politiken Cup)"]
[Site "Elsinore"]
[Date "2010.08.07"]
[Round "9"]
[White "Brondt, Nicolai Kvist"]
[Black "Bjorneboe, Kristian"]
[Result "1-0"]
[WhiteElo "2152"]
[BlackElo "1979"]
[PlyCount "67"]
[EventDate "2010.07.31"]
[EventType "swiss"]
[EventRounds "10"]
[EventCountry "DEN"]
[Source "ChessBase"]
[SourceDate "2010.09.01"]

1. d4 Nf6 2. Nf3 e6 3. c4 d5 4. g3 Nbd7 5. Bg2 c6 6. Qc2 Be7 7. O-O O-O 8. b3
b6 9. Nbd2 Bb7 10. e4 dxe4 11. Nxe4 c5 12. Nxf6+ Nxf6 13. Rd1 cxd4 14. Rxd4 Qc8
15. Bb2 Qc7 16. Rad1 Rad8 17. a3 Rxd4 18. Rxd4 Rd8 19. b4 Rc8 20. Rh4 h6 21.
Be5 Qd8 22. Rd4 Qe8 23. Qd3 Rd8 24. Rxd8 Qxd8 25. Qxd8+ Bxd8 26. Nd4 Bxg2 27.
Kxg2 Nd7 28. Bd6 Bf6 29. Nc6 a6 30. c5 bxc5 31. bxc5 Bb2 32. Ne7+ Kf8 33. c6
Nb6 34. Nc8+ 1-0

[Event "32. Copenhagen Open (Politiken Cup)"]
[Site "Elsinore"]
[Date "2010.08.07"]
[Round "9"]
[White "Petersen, Jan Han"]
[Black "Andersen, Guttorm"]
[Result "0-1"]
[WhiteElo "1700"]
[BlackElo "1774"]
[PlyCount "60"]
[EventDate "2010.07.31"]
[EventType "swiss"]
[EventRounds "10"]
[EventCountry "DEN"]
[Source "ChessBase"]
[SourceDate "2010.09.01"]

1. d4 d5 2. c4 c6 3. Nc3 Nf6 4. Bg5 Qa5 5. Bxf6 exf6 6. Qa4 Qxa4 7. Nxa4 dxc4
8. e3 b5 9. Nc3 Bb4 10. Nge2 Bf5 11. Ng3 Be6 12. Be2 a5 13. Rc1 Nd7 14. O-O
Bxc3 15. bxc3 c5 16. Bf3 O-O 17. d5 Ne5 18. dxe6 Nxf3+ 19. gxf3 fxe6 20. Rfd1
Rfd8 21. Ne4 Rxd1+ 22. Rxd1 Rc8 23. Rd6 b4 24. Rb6 f5 25. Nd6 bxc3 26. Rb1 Rd8
27. Nxc4 c2 28. Rf1 Rd1 29. Nb2 Rxf1+ 30. Kxf1 c1=Q+ 0-1